<?xml version="1.0" encoding="UTF-8"?><marc:collection xmlns:marc="http://www.loc.gov/MARC21/slim">
  <marc:record>
    <marc:leader>00000nam  2200000za 4500</marc:leader>
    <marc:controlfield tag="001">9.858040</marc:controlfield>
    <marc:controlfield tag="003">CaOODSP</marc:controlfield>
    <marc:controlfield tag="005">20221107155909</marc:controlfield>
    <marc:controlfield tag="007">cr |||||||||||</marc:controlfield>
    <marc:controlfield tag="008">180621s2018    onc |||#o|   f000 0 fre d</marc:controlfield>
    <marc:datafield tag="040" ind1=" " ind2=" ">
      <marc:subfield code="a">CaOODSP</marc:subfield>
      <marc:subfield code="b">fre</marc:subfield>
    </marc:datafield>
    <marc:datafield tag="043" ind1=" " ind2=" ">
      <marc:subfield code="a">n-cn---</marc:subfield>
    </marc:datafield>
    <marc:datafield tag="086" ind1="1" ind2=" ">
      <marc:subfield code="a">J4-59/2018F-PDF</marc:subfield>
    </marc:datafield>
    <marc:datafield tag="245" ind1="0" ind2="0">
      <marc:subfield code="a">Sondage national sur la justice de 2017 </marc:subfield>
      <marc:subfield code="h">[ressource électronique] :  </marc:subfield>
      <marc:subfield code="b">enjeux lies au système canadien de justice pénale  / </marc:subfield>
      <marc:subfield code="c">prepare par Le ministère de la Justice. </marc:subfield>
    </marc:datafield>
    <marc:datafield tag="246" ind1="3" ind2="0">
      <marc:subfield code="a">Enjeux lies au système canadien de justice pénale</marc:subfield>
    </marc:datafield>
    <marc:datafield tag="260" ind1=" " ind2=" ">
      <marc:subfield code="a">Ottawa : </marc:subfield>
      <marc:subfield code="b">Le ministère de la Justice, </marc:subfield>
      <marc:subfield code="c">c2018.</marc:subfield>
    </marc:datafield>
    <marc:datafield tag="300" ind1=" " ind2=" ">
      <marc:subfield code="a">143 p. </marc:subfield>
      <marc:subfield code="e">+sommaire.</marc:subfield>
    </marc:datafield>
    <marc:datafield tag="500" ind1=" " ind2=" ">
      <marc:subfield code="a">En tête du titre : Les Associés de recherché EKOS inc.</marc:subfield>
    </marc:datafield>
    <marc:datafield tag="500" ind1=" " ind2=" ">
      <marc:subfield code="a">« Numéro de contrat de TPSGC : 19044-17-0095/001/CY ».</marc:subfield>
    </marc:datafield>
    <marc:datafield tag="500" ind1=" " ind2=" ">
      <marc:subfield code="a">« Numéro d’enregistrement de la ROP : ROP 12-17.  Date d’attribution du contrat : 10/07/2017 »</marc:subfield>
    </marc:datafield>
    <marc:datafield tag="500" ind1=" " ind2=" ">
      <marc:subfield code="a">« Date de livraison : 5 mars 2018 ».</marc:subfield>
    </marc:datafield>
    <marc:datafield tag="500" ind1=" " ind2=" ">
      <marc:subfield code="a">Publié aussi en anglais sous le titre : National justice survey 2017 : issues in Canada's criminal justice system : summary report.</marc:subfield>
    </marc:datafield>
    <marc:datafield tag="520" ind1="0" ind2=" ">
      <marc:subfield code="a">« En vue d’éclairer le processus d’élaboration de politiques, la mobilisation du public et les communications, et d’appuyer son mandat, le ministère de la Justice commande périodiquement la tenue de sondages d’envergure nationale visant à dégager une meilleure compréhension des perceptions, de la compréhension et des priorités des Canadiens au sujet des enjeux liés à la justice. Le sondage de 2017 porte principalement sur les points de vue et perceptions à l’égard du système de justice pénale (SJP) afin d’orienter l’examen que réalise actuellement la ministre de la Justice. Cet examen cherche à mobiliser les personnes provenant de toutes les régions du Canada, dans le dessein de favoriser la transparence et l’ouverture du gouvernement. Plus particulièrement, cette étude porte sur les points de vue et perceptions des Canadiens à l’égard des aspects suivants :  la détermination de la peine (p. ex., pouvoir discrétionnaire des juges, facteurs à envisager dans la détermination des peines et lignes directrices);  les peines minimales obligatoires (PMO); les infractions contre l’administration de la justice; le recours aux mesures de dé judiciarisation/autres mesures; la justice réparatrice et les approches axées sur la résolution de problèmes en matière de justice; l’évaluation du rendement et la confiance à l’égard du SJ »--Sommaire, p. 6.</marc:subfield>
    </marc:datafield>
    <marc:datafield tag="692" ind1="0" ind2="7">
      <marc:subfield code="2">gccst</marc:subfield>
      <marc:subfield code="a">Justice pénale </marc:subfield>
    </marc:datafield>
    <marc:datafield tag="692" ind1="0" ind2="7">
      <marc:subfield code="2">gccst</marc:subfield>
      <marc:subfield code="a">Sondage </marc:subfield>
    </marc:datafield>
    <marc:datafield tag="710" ind1="1" ind2=" ">
      <marc:subfield code="a">Canada. </marc:subfield>
      <marc:subfield code="b">Ministère de la justice. </marc:subfield>
      <marc:subfield code="b">Division de la recherche et de la statistique.</marc:subfield>
    </marc:datafield>
    <marc:datafield tag="710" ind1="2" ind2=" ">
      <marc:subfield code="a">Ekos Research Associates.</marc:subfield>
    </marc:datafield>
    <marc:datafield tag="775" ind1="0" ind2="8">
      <marc:subfield code="t">National justice survey 2017 </marc:subfield>
      <marc:subfield code="w">(CaOODSP)9.858038</marc:subfield>
    </marc:datafield>
    <marc:datafield tag="794" ind1=" " ind2=" ">
      <marc:subfield code="t">Sondage national sur la justice de 2018 : </marc:subfield>
      <marc:subfield code="w">(CaOODSP)9.872335</marc:subfield>
    </marc:datafield>
    <marc:datafield tag="856" ind1="4" ind2="0">
      <marc:subfield code="q">PDF</marc:subfield>
      <marc:subfield code="s">619 Ko</marc:subfield>
      <marc:subfield code="u">https://publications.gc.ca/collections/collection_2018/jus/J4-59-2018-fra.pdf</marc:subfield>
    </marc:datafield>
    <marc:datafield tag="856" ind1="4" ind2="0">
      <marc:subfield code="q">PDF</marc:subfield>
      <marc:subfield code="s">96 Ko</marc:subfield>
      <marc:subfield code="u">https://publications.gc.ca/collections/collection_2018/jus/J4-59-2018-1-fra.pdf</marc:subfield>
    </marc:datafield>
  </marc:record>
</marc:collection>
